
Library Catalogue

| 000 -LEADER | |
|---|---|
| fixed length control field | 00925nam a2200217Ia 4500 |
| 003 - CONTROL NUMBER IDENTIFIER | |
| control field | OSt |
| 005 - DATE AND TIME OF LATEST TRANSACTION | |
| control field | 20200813141156.0 |
| 008 - FIXED-LENGTH DATA ELEMENTS--GENERAL INFORMATION | |
| fixed length control field | 160316s2009 xxu||||| |||| 00| 0 eng d |
| 020 ## - INTERNATIONAL STANDARD BOOK NUMBER | |
| International Standard Book Number | 9780421953901 |
| 040 ## - CATALOGING SOURCE | |
| Transcribing agency | NLS |
| 082 ## - DEWEY DECIMAL CLASSIFICATION NUMBER | |
| Classification number | 344.050000 |
| Item number | HYD |
| 100 ## - MAIN ENTRY--PERSONAL NAME | |
| Personal name | Hyde Philip |
| 245 ## - TITLE STATEMENT | |
| Title | Licensing law and practice |
| 260 ## - PUBLICATION, DISTRIBUTION, ETC. | |
| Place of publication, distribution, etc. | London |
| Name of publisher, distributor, etc. | Sweet & Maxwell |
| Date of publication, distribution, etc. | 2009 |
| 300 ## - PHYSICAL DESCRIPTION | |
| Extent | 1518p |
| Dimensions | lxxxvii |
| 365 ## - TRADE PRICE | |
| Price amount | Rs. 13,265 |
| 505 ## - FORMATTED CONTENTS NOTE | |
| Formatted contents note | CONTENTS<br/>General considerations, appeals and judicial review<br/>Alcohol, entertainment, late night refreshment<br/>Commentary<br/>Legislation<br/>Forms<br/>Gambling<br/>Commentary<br/>Legislation<br/>Forms<br/>Hackney carriages and private hire vehicles outside London<br/>Commentary<br/>Legislation<br/>Sex establishments<br/>Commentary<br/>Legislation<br/>Forms<br/>Street trading<br/>Commentary<br/>Legislation |
| 650 ## - SUBJECT ADDED ENTRY--TOPICAL TERM | |
| Topical term or geographic name entry element | 1. License System - U K 2. Gambling - Law & Legislation - U K |
| 700 ## - ADDED ENTRY--PERSONAL NAME | |
| Personal name | Rohsler Carl |
| -- | |
| 942 ## - ADDED ENTRY ELEMENTS (KOHA) | |
| Source of classification or shelving scheme | Dewey Decimal Classification |
| Koha item type | BOOKs |
| Withdrawn status | Lost status | Source of classification or shelving scheme | Damaged status | Not for loan | Home library | Current library | Shelving location | Date acquired | Cost, normal purchase price | Total Checkouts | Full call number | Barcode | Date last seen | Price effective from | Koha item type | Public note |
|---|---|---|---|---|---|---|---|---|---|---|---|---|---|---|---|---|
| Dewey Decimal Classification | Not For Loan | . | . | REFERENCE SECTION | 30.05.2017 | 13265.00 | 344.05 HYD | 26003 | 30.05.2017 | 30.05.2017 | BOOKs | This book is accompanied by a CD |